The opera house

Bibliographic Details
Main Author: Zakaria Ariffin (Author)
Other Authors: Solehah Ishak
Format: Book
Language:Malay
Published: Selangor : Dewan Bahasa dan Pustaka 1992
Subjects:

MARC

LEADER 00000cam a2200000 7i4500
001 0000018504
005 20241127.0
008 061221 my a may
020 |a 9836228659 
040 |a INS   |b eng   |e rda 
090 0 0 |a PL5137   |b .Z3913 1992 
100 0 |a Zakaria Ariffin ,   |e author 
245 1 4 |a The opera house   |c Zakaria Ariffin   |f translator Solehah Ishak 
264 1 |a Selangor :   |b Dewan Bahasa dan Pustaka   |c 1992 
300 |a 31 pages :   |b illustrations ;   |c 18 cm. 
336 |a text  |2 rdacontent 
337 |a unmediated  |2 rdamedia 
338 |a volume  |2 rdacarrier 
650 0 |a Malay drama   |x Translations into english 
700 0 |a Solehah Ishak 
999 |a 0000006192   |b BOOK   |c Open Shelf   |e Default branch 
999 |a 0000017925   |b BOOK   |c Open Shelf   |e Default branch